[Event "Zweibruecken PSB-ch HT1 82nd"]
[Site "Zweibruecken"]
[Date "2013.03.24"]
[Round "3"]
[White "Mennig, Robin"]
[Black "Stoll, Anneli"]
[Result "1-0"]
[WhiteElo "1180"]
[BlackElo "1103"]
[PlyCount "127"]
[EventDate "2013.??.??"]
[EventType "swiss"]
[EventRounds "7"]
[EventCountry "GER"]
[SourceTitle "EXT 2014"]
[Source "ChessBase"]
[SourceDate "2013.11.20"]
[SourceVersion "1"]
[SourceVersionDate "2013.11.20"]
[SourceQuality "1"]

1. e4 e5 2. Nf3 d6 3. Bc4 Nf6 4. Nc3 Nc6 5. Ng5 d5 6. exd5 Nxd5 7. Nxd5 Qxg5 8. Nxc7+ Kd8 9. Nxa8 Qxg2 10. Rf1 Qe4+ 11. Qe2 f5 12. Qxe4 fxe4 13. d3 exd3 14. Bxd3 Nd4 15. Bg5+ Kd7 16. Be3 Bc5 17. Bxd4 exd4 18. Kd2 Kd6 19. a3 a6 20. f4 Bd7 21. b4 Ba7 22. Rae1 Rxa8 23. Bxh7 Bb5 24. Rg1 Rf8 25. Rxg7 Bd7 26. Re4 Bc6 27. Rg6+ Kd7 28. Ree6 Rxf4 29. Ref6 Rh4 30. Rf7+ Kd8 31. Rd6+ Ke8 32. Bg6 Rxh2+ 33. Rf2+ Ke7 34. Rxh2 Kxd6 35. Rh6 Ke5 36. Bd3 Bb8 37. Rh5+ Kd6 38. Rh4 Ba7 39. Be4 Ke5 40. Bxc6 bxc6 41. Rh7 Bb6 42. Kd3 Kd5 43. Rb7 Bc5 44. bxc5 Kxc5 45. Rd7 a5 46. Rxd4 Kb5 47. Kc3 Kc5 48. Rh4 Kb5 49. Kb3 Kc5 50. Ka4 Kb6 51. Rc4 c5 52. Rc3 Kc6 53. Kxa5 Kd5 54. Kb5 Kd4 55. Rxc5 Ke4 56. Kc4 Ke3 57. Re5+ Kd2 58. c3 Kc2 59. Re2+ Kc1 60. Kb3 Kd1 61. Rh2 Kc1 62. c4 Kd1 63. Kc3 Kc1 64. Rh1# 1-0